Four Letter Geography - E - Statistics

General Stats
  • This quiz has been taken 103 times
  • The average score is 7 of 10
Answer Stats
Hint Answer % Correct
Compass direction East
98%
Garden of Adam and Eve Eden
98%
Lake bordering Michigan Erie
93%
Irish name for Ireland Eire
90%
Volcano in Sicily Etna
90%
Dutch city famous for cheese Edam
78%
River in Europe Elbe
72%
Italian island in Tuscany Elba
61%
Bay in Antarctica Echo
3%
River in Austria Enns
3%
No matching quizzes found
Score Distribution
Percent of People with Each Score
Percentile by Number Answered
Your Score History
You have not taken this quiz